000 00474nam a2200193Ia 4500
008 151119s9999||||xx |||||||||||||| ||und||
082 _a891.463
082 _bGKKV9088
100 _a"तिबिले, अनंत"
245 _aजाळ
260 _a---
260 _b---
260 _c2012
600 _a"तिबिले, अनंत"
630 _aजाळ
700 _a"तिबिले, अनंत"
730 _aजाळ
942 _cBOOK
999 _c1063438
_d1063435